| 000 | 00515cam a2200193ua 4500 | ||
|---|---|---|---|
| 020 |
_a81 7224 443 6 _c595.00 |
||
| 041 |
_aeng _h |
||
| 082 |
_a668.9 _bHOL/HA |
||
| 100 | _aHollayway, Leonard . | ||
| 245 |
_aHand book of polymer composites for engineers / _cLeonard hollaway. _hTextual Documents |
||
| 250 |
_a1 / _b. |
||
| 260 |
_aMumbai : _bJaico Publishing House , _c1995. |
||
| 300 | _a338 ; . | ||
| 365 | _a595.00 | ||
| 500 | _a18926 Ref | ||
| 504 | _a | ||
| 942 | _cBK | ||
| 999 |
_c5415 _d5415 |
||